Desarrollo institucional, desarrollo local participativo y descentralización /
Uloženo v:
| Hlavní autor: | |
|---|---|
| Médium: | Text |
| Témata: | |
| Tagy: |
Přidat tag
Žádné tagy, Buďte první, kdo vytvoří štítek k tomuto záznamu!
|
MARC
| LEADER | 00000 a a2200000 04500 | ||
|---|---|---|---|
| 001 | 4201 | ||
| 003 | |||
| 040 | |||
| 090 | |a REV0229 (115) 2000 | ||
| 100 | |a Guillén, Henry | ||
| 245 | |a Desarrollo institucional, desarrollo local participativo y descentralización / |c Henry Guillén | ||
| 650 | |a PLANO LOCAL | ||
| 650 | |a DESARROLLO LOCAL | ||
| 650 | |a PLANIFICACION | ||
| 650 | |a PLANIFICACION DEL DESARROLLO | ||
| 650 | |a DESCENTRALIZACION | ||
| 773 | |g número 115; páginas 31-35 | ||
| 999 | |c 21244 |d 21244 | ||
